<?xml version="1.0" encoding="UTF-8"?><?xml-stylesheet type="text/xsl" href="static/style.xsl"?><OAI-PMH xmlns="http://www.openarchives.org/OAI/2.0/" xmlns:xsi="http://www.w3.org/2001/XMLSchema-instance" xsi:schemaLocation="http://www.openarchives.org/OAI/2.0/ http://www.openarchives.org/OAI/2.0/OAI-PMH.xsd"><responseDate>2026-04-18T10:04:35Z</responseDate><request verb="GetRecord" identifier="oai:recam.amb.cat:20.500.14439/2236" metadataPrefix="marc">https://recam.amb.cat/rest/oai/request</request><GetRecord><record><header><identifier>oai:recam.amb.cat:20.500.14439/2236</identifier><datestamp>2025-05-07T06:02:38Z</datestamp><setSpec>com_20.500.14439_125</setSpec><setSpec>col_20.500.14439_1149</setSpec></header><metadata><record xmlns="http://www.loc.gov/MARC21/slim" xmlns:dcterms="http://purl.org/dc/terms/" xmlns:xsi="http://www.w3.org/2001/XMLSchema-instance" xmlns:doc="http://www.lyncode.com/xoai" xsi:schemaLocation="http://www.loc.gov/MARC21/slim http://www.loc.gov/standards/marcxml/schema/MARC21slim.xsd">
   <leader>00925njm 22002777a 4500</leader>
   <datafield ind2=" " ind1=" " tag="042">
      <subfield code="a">dc</subfield>
   </datafield>
   <datafield ind2=" " ind1=" " tag="720">
      <subfield code="a">Àrea Metropolitana de Barcelona</subfield>
      <subfield code="e">author</subfield>
   </datafield>
   <datafield ind2=" " ind1=" " tag="260">
      <subfield code="c">2021-11-02</subfield>
   </datafield>
   <datafield ind2=" " ind1=" " tag="520">
      <subfield code="a">Retallable per fer un mòbil amb diferents papallones diürnes que es poden observar a la metròpolis. Es tracta d'una làmina que conté 18 il·lustracions de papallones de 16 espècies diferents (bruna de bosc, blanqueta de la col, blaveta estriada, reina zebrada, papallona reina, blaveta comuna, saltabardisses cintada, aurora groga, migradora dels cards, atalanta, bruna de prat, cleòpatra, marroneta de l'alzina, coure comú, margenera comuna i safrarrera de l'alfals) que podem observar als parcs i platges metropolitans. Aquest recurs s'utilitza en activitats educatives, tallers i festes ambientals que es fan als parcs, però també és descarregable per a qui estigui interessat a utilitzar-lo. Hi ha una versió en color i una adaptació en blanc i negre per acolorir.</subfield>
   </datafield>
   <datafield ind1="8" ind2=" " tag="024">
      <subfield code="a">https://hdl.handle.net/20.500.14439/2236</subfield>
   </datafield>
   <datafield ind1="8" ind2=" " tag="024">
      <subfield code="a">11918499</subfield>
   </datafield>
   <datafield tag="653" ind2=" " ind1=" ">
      <subfield code="a">Educació ambiental</subfield>
   </datafield>
   <datafield tag="653" ind2=" " ind1=" ">
      <subfield code="a">Sostenibilitat</subfield>
   </datafield>
   <datafield ind2="0" ind1="0" tag="245">
      <subfield code="a">Mòbil retallable Papallones diürnes metropolitanes : color</subfield>
   </datafield>
</record></metadata></record></GetRecord></OAI-PMH>